LEADER 01351nam0 2200313 450 001 000044796 005 20180612125706.0 010 $a0-444-41618-8 100 $a20180612d1978----km-y0itaa50------ba 101 0 $aeng 102 $aNL 200 1 $aApplication of mutation breeding methods in the improvement of vegetatively propagated crops$ean interpretative literature review$fC. Broertjes, A. M. Van Harten 210 $aAmsterdam [etc.]$cElsevier Scientific Publishing Company$d1978 215 $aVII, 316 p.$cill.$d25 cm 225 2 $aDevelopments in crop science$v2 410 0$12001$aDevelopments in crop science$v2 606 1 $aPiante$xRiproduzione 606 2 $aGenetica vegetale 676 $a631.53$v(22. ed.)$9Coltivazione e raccolto. Propagazione delle piante 700 1$aBroertjes,$bC.$0758818 701 1$aHarten,$bA. M. van$0758819 801 0$aIT$bUniversità della Basilicata - B.I.A.$gREICAT$2unimarc 912 $a000044796 996 $aApplication of mutation breeding methods in the improvement of vegetatively propagated crops$91533008 997 $aUNIBAS CAT $aTTM$b30$c20180612$lBAS01$h1246 CAT $aTTM$b30$c20180612$lBAS01$h1257 FMT Z30 -1$lBAS01$LBAS01$mBOOK$1BASA2$APolo Tecnico-Scientifico$2GEN$BCollezione generale$3PTS.d1.CGT.29862$629862$5T29862$820180612$f02$FPrestabile Generale LEADER 01479oam 2200433I 450 001 9910702355203321 005 20130614104745.0 035 $a(CKB)5470000002426606 035 $a(OCoLC)823140659 035 $a(OCoLC)995470000002426606 035 $a(EXLCZ)995470000002426606 100 $a20130102d2012 ua 0 101 0 $aeng 135 $aurcn||||||||| 181 $ctxt$2rdacontent 182 $cc$2rdamedia 183 $acr$2rdacarrier 200 10$aSimulating the value of concentrating solar power with thermal energy storage in a production cost model /$fPaul Denholm and Marissa Hummon 210 1$aGolden, Colorado :$cNational Renewable Energy Laboratory,$d2012. 215 $a1 online resource (x, 38 pages) $ccolor illustrations 225 1 $aNREL/TP ;$v6A20-56731 300 $aTitle from title screen (Jan. 2, 2013). 300 $a"November 2012." 320 $aIncludes bibliographical references (pages 36-38). 606 $aSolar energy 606 $aHeat storage 615 0$aSolar energy. 615 0$aHeat storage. 700 $aDenholm$b P$g(Paul),$01388371 702 $aHummon$b Marissa 712 02$aNational Renewable Energy Laboratory (U.S.), 801 0$bGPO 801 1$bGPO 801 2$bOCLCQ 801 2$bGPO 906 $aBOOK 912 $a9910702355203321 996 $aSimulating the value of concentrating solar power with thermal energy storage in a production cost model$93531346 997 $aUNINA